00000000nam##2200000za#4500
0019.678682
003CaOODSP
00520250506145324
007ta
008150407|1990||||xxc|||||     f|0| 0 fre|d
020 |a0-662-96326-1
040 |aCaOODSP|bfre
043 |an-cn---
0861 |aA53-1847/1990F
1101 |aCanada.|bAgriculture Canada.
24510|aDommages causés aux fruits et aux légumes en entreposage commercial sous atmosphère contrôlée / |cPréparé sous la direction de P. D. Lidster et al.
260 |aOttawa - Ontario : |bAgriculture Canada |c1990.
300 |a61p. : |bill. en couleur ; |c23 cm.
504 |aBibliographie.
563 |aCouverture souple
590 |a91-05|b1991-02-01
7201 |aLidster, P. D.
77508|tControlled-atmosphere disorders of commercial fruits and vegetables / |w(CaOODSP)9.644889
7760#|tDommages causés aux fruits et aux légumes en entreposage commercial sous atmosphère contrôlée / |w(CaOODSP)9.641046
986 |aPublication 1847/F